| 000 | 00709nam a2200181 a 4500 | ||
|---|---|---|---|
| 001 | 2274 | ||
| 003 | CDMR | ||
| 005 | 20131017114446.0 | ||
| 008 | 130130s1969||||||||||||||||||||||||||||d | ||
| 040 |
_aCDMR _bcat _cCDMR |
||
| 100 | 1 |
_aSouriau-Hoebrechts, Christiane _91690 |
|
| 245 | 1 | 3 |
_aLa presse maghrebine _b: Libye, Tunisie, Maroc, Algérie : évolution historique, situation en 1965, organitzation et problèmes actuels _cChristian Souriau-Hoebrechts |
| 260 |
_aParis _c1969 _bCentre National de la Recherche Scientifique |
||
| 300 | _a369 p. | ||
| 490 | 0 |
_aCentre de Recherches sur l'Afrique Méditerranéenne. _aSection Moderne et Contemporaine |
|
| 650 | 0 | 4 |
_94101 _aPremsa _zÀfrica del nord |
| 942 |
_cMON _2udc |
||
| 999 |
_c2274 _d2274 |
||